01091naa#a2200193#i#4500001001500000005001700015100004100032102000700073200021800080210016900298215001000467608006000477675017600537700002600713700003000739700005200769700005800821856001800879RU\\bibl\2026920260701110905.3##a20260630b2026####ek#y0rusy0150####ca##aRU1#aИССЛЕДОВАНИЕ ПРОГРАММНОГО ОБЕСПЕЧЕНИЯ «АВТОМАТИЗИРОВАННОЕ РАБОЧЕЕ МЕСТО ОТДЕЛ КАДРОВ»eСтатья/тезисы конференции1#aВоронежcВоронежский государственный лесотехнический университет имени Г.Ф. Морозоваd2026##a6 с.##aСтатья/тезисы конференции2local##aИнформационные технологии. Компьютерные технологии. Теория вычислительных машин и систем. 004#1aСербинgС. Д.#1aСазоноваgС. А.#1aАсмининgВиктор Федорович#1aАкамсинаgНадежда Валериевна4#abibl.vgltu.ru